Most Popular Websites in USA - Statistics

General Stats
  • This quiz has been taken 31 times
  • The average score is 8 of 12
Answer Stats
Hint Answer % Correct
Social Facebook
100%
Search Engine Google
100%
Shopping Amazon
96%
Encyclopedia Wikipedia
96%
Videos YouTube
96%
Social Instagram
92%
Social Twitter
88%
Shopping Ebay
65%
Media Netflix
31%
Social Reddit
27%
Social Yahoo!
27%
Business Linkedin
23%
No matching quizzes found
Score Distribution
Percent of People with Each Score
Percentile by Number Answered
Your Score History
You have not taken this quiz